000 00301 a2200109 4500
001 ART_59150
005 20260410162051.0
008 260409a
245 1 0 _aDerecho administrativo sancionador.
100 1 _aSchurig, Harry
773 0 _tImpuestos
_g- N° 154 (ago. 2023)
_wREV45175
999 _c35819
_d35819